Náruč ruží

Bibliographic Details
Main Author: Trombauerová, Jolana, 1918-2002 (Author)
Format: Book
Language:Slovak
PhysicalDescription:41 s. 17 cm
Published: Liptovský Mikuláš Hornoliptovské kultúrne centrum 1998
ISBN:8085154145
Subjects:

MARC

LEADER 00000nam a2200000 a 4500
001 vtls001328426
003 SK-MaSNL
005 20260301160147.0
008 240226s1998 xo rg 000 p slo
015 |a SNBA1998/08-02822 
020 |a 8085154145 
035 |a SNK000281250 
035 |a urn:nbn:sk:snk-amjc9s 
035 |a urn:nbn:sk:snk-am003ppo 
035 |a 3CF752EF-0B2A-4B28-AAD6-9B80F7F9BE7A 
040 |a SNK  |b slo  |c SNK  |e AACR2 
041 0 |a slo 
044 |a xo  |c SK 
080 |a 885.4-1  |2 1981 
100 1 |a Trombauerová, Jolana,  |d 1918-2002  |4 aut  |9 190507 
245 1 0 |a Náruč ruží  |c Jolana Trombauerová 
260 |a Liptovský Mikuláš  |b Hornoliptovské kultúrne centrum  |c 1998 
300 |a 41 s.  |c 17 cm 
500 |a Ilustr. na front. 
500 |a 500 výt. 
650 0 7 |a lyrické básne, slovenské  |2 SNK  |9 28980 
655 7 |a slovenská poézia  |2 SNK  |9 70444 
919 |a 80-85154-14-5 
954 |a beletria pôvodná (slovenská)  |2 lita 
958 |a TL 
958 |a LX 
958 |a BQ 
999 |c 804281  |d 806211 
952 |t P60, <03>, [BOOK], {603}  |a SNK  |b SNK  |y PREZ  |7 0  |p 17A0134577  |o snkSD 69412  |i snkKSP 4350/98  |0 0  |1 0  |4 0  |d 1998-04-22  |l 0  |r 2005-01-02 00:00:00  |w 2026-02-24 
952 |t P60, <04>, [BOOK], {604}  |a SNK  |b SNK  |y VYP  |7 0  |p 17A0134578  |o snkSD 69412 D1  |i snkKSP 4351/98  |0 0  |1 0  |4 0  |d 1998-04-22  |f 1  |l 0  |r 2005-01-02 00:00:00  |w 2026-02-24